[Event "St Ingbert op"]
[Site "St Ingbert"]
[Date "1988.??.??"]
[Round "3"]
[White "Barbier, Rene"]
[Black "Hornung, Peter"]
[Result "0-1"]
[WhiteElo "1400"]
[BlackElo "1664"]
[PlyCount "84"]
[EventDate "1988.08.20"]
[EventType "swiss"]
[EventRounds "9"]
[EventCountry "GER"]
[SourceTitle "EXT 2002"]
[Source "ChessBase"]
[SourceDate "2001.11.25"]
[SourceVersion "1"]
[SourceVersionDate "2001.11.25"]
[SourceQuality "1"]

1. d4 Nf6 2. c4 e6 3. Nc3 d5 4. Bg5 c6 5. e3 Nbd7 6. Bd3 Qa5 7. c5 Be7 8. Nf3 0-0 9. 0-0 Re8 10. a3 h6 11. Bf4 Nh5 12. Bg3 Nxg3 13. fxg3 Bf6 14. Qc2 e5 15. Nh4 e4 16. Be2 g6 17. Bg4 Qd8 18. Qf2 Kg7 19. b4 Rf8 20. Ne2 Bxh4 21. gxh4 f5 22. Bh3 Nf6 23. Nf4 Qe8 24. Qg3 Kh7 25. Ra2 Bd7 26. a4 Qf7 27. Qe1 g5 28. hxg5 hxg5 29. Ne2 g4 30. Qh4+ Qh5 31. Qg3 gxh3 32. Nf4 Qg4 33. Nxh3 Qxg3 34. hxg3 Rg8 35. Kf2 Nh5 36. Rh1 Kg6 37. Nf4+ Nxf4 38. gxf4 Rh8 39. Rg1 a5 40. b5 cxb5 41. axb5 Bxb5 42. g4 Rh2+ 0-1

[Event "St Ingbert op"]
[Site "St Ingbert"]
[Date "1988.??.??"]
[Round "6"]
[White "Coen, Guenter"]
[Black "Barbier, Rene"]
[Result "1-0"]
[WhiteElo "1248"]
[BlackElo "1400"]
[PlyCount "55"]
[EventDate "1988.08.20"]
[EventType "swiss"]
[EventRounds "9"]
[EventCountry "GER"]
[SourceTitle "EXT 2002"]
[Source "ChessBase"]
[SourceDate "2001.11.25"]
[SourceVersion "1"]
[SourceVersionDate "2001.11.25"]
[SourceQuality "1"]

1. e4 e6 2. d4 d5 3. Nc3 Bb4 4. e5 c5 5. Nf3 Nc6 6. Bb5 Nge7 7. a3 Bxc3+ 8. bxc3 cxd4 9. Bxc6+ bxc6 10. cxd4 0-0 11. 0-0 h6 12. c3 Nf5 13. Re1 f6 14. Qc2 fxe5 15. Nxe5 Qf6 16. Nxc6 Bd7 17. Ne5 Be8 18. a4 g5 19. Ba3 Nxd4 20. cxd4 Bxa4 21. Qg6+ Qxg6 22. Nxg6 Rf6 23. Ne5 Rc8 24. Bc5 Bb5 25. Rxa7 Rb8 26. h3 Bc4 27. Ng4 Rff8 28. Bxf8 1-0

[Event "St Ingbert op"]
[Site "St Ingbert"]
[Date "1988.??.??"]
[Round "2"]
[White "Courtial, Ralf"]
[Black "Barbier, Rene"]
[Result "1/2-1/2"]
[WhiteElo "1672"]
[BlackElo "1400"]
[PlyCount "161"]
[EventDate "1988.08.20"]
[EventType "swiss"]
[EventRounds "9"]
[EventCountry "GER"]
[SourceTitle "EXT 2002"]
[Source "ChessBase"]
[SourceDate "2001.11.25"]
[SourceVersion "1"]
[SourceVersionDate "2001.11.25"]
[SourceQuality "1"]

1. d4 d5 2. Nf3 Nf6 3. c4 Bg4 4. Ne5 Be6 5. e3 Nfd7 6. cxd5 Bxd5 7. Nf3 Nf6 8. Nc3 e6 9. Bd3 c5 10. 0-0 cxd4 11. Nxd4 e5 12. Bb5+ Nc6 13. Nxc6 bxc6 14. Ba4 Qd7 15. f3 Qe6 16. e4 Bc4 17. Re1 Bc5+ 18. Kh1 0-0 19. Be3 Bxe3 20. Rxe3 Rfd8 21. Qc2 Rab8 22. Kg1 Nd7 23. b3 Bb5 24. Bxb5 cxb5 25. Rd1 Qc6 26. Qf2 Nf8 27. Nd5 Qc5 28. Red3 Qd6 29. Qxa7 Re8 30. Ne3 Qc6 31. Nf5 Rb7 32. Qf2 Rc7 33. Rd6 Qb7 34. Rb6 Qa7 35. Rbd6 Qxf2+ 36. Kxf2 Ne6 37. R6d5 Rc2+ 38. R5d2 Rxd2+ 39. Rxd2 Nf4 40. g3 Ng6 41. Rd7 h6 42. Ra7 Rc8 43. Ne3 h5 44. h4 Nf8 45. Ra5 Rb8 46. Ke2 f6 47. Nd5 Ne6 48. Ne7+ Kh7 49. Nf5 Nc7 50. Ra7 Ne6 51. Re7 Rb6 52. Kd2 Ra6 53. Kc3 Kg8 54. Kb4 Nd4 55. Rxg7+ Kf8 56. Rh7 Nxf5 57. exf5 Rxa2 58. Rxh5 Rf2 59. Kxb5 Rxf3 60. Kc4 e4 61. Kd4 e3 62. Kd3 Rxg3 63. b4 Ke7 64. Rh6 e2+ 65. Kxe2 Rb3 66. Rh7+ Kd6 67. Rb7 Rh3 68. Rb6+ Ke5 69. Rb5+ Ke4 70. Rc5 Rh2+ 71. Kf1 Kf3 72. Rc3+ Ke4 73. b5 Kxf5 74. Rc5+ Kf4 75. Rc6 Ke5 76. b6 Rxh4 77. Rc5+ Ke6 78. b7 Rb4 79. Rc7 Kd6 80. Rh7 f5 81. Kf2 1/2-1/2